000 00525nam a2200181Ia 4500
001 16973
005 20260306170350.0
008 260306t2013||||xx |||||||||||||| ||und||
041 _aESP
082 _a657.32
_bM22P
100 _aMantilla B., Samuel Alberto
_eAUT
245 0 _aIFRS/NIF para Pymes:
_binformación financiera de calidad para empresas privadas, de tamaño pequeño, mediano y grande
260 _c2013
300 _a226 páginas :
_c24 cm.
650 _aGEN
654 _aCCO
942 _cLIB
_dJUS
_fJUS
_2ddc
_n
999 _c16973
_d16973